<?xml version="1.0" encoding="UTF-8"?><?xml-stylesheet type="text/xsl" href="static/style.xsl"?><OAI-PMH xmlns="http://www.openarchives.org/OAI/2.0/" xmlns:xsi="http://www.w3.org/2001/XMLSchema-instance" xsi:schemaLocation="http://www.openarchives.org/OAI/2.0/ http://www.openarchives.org/OAI/2.0/OAI-PMH.xsd"><responseDate>2026-06-07T07:47:59Z</responseDate><request verb="GetRecord" identifier="oai:riuma.uma.es:10630/2734" metadataPrefix="marc">https://riuma.uma.es/rest/oai/request</request><GetRecord><record><header><identifier>oai:riuma.uma.es:10630/2734</identifier><datestamp>2026-02-03T12:45:31Z</datestamp><setSpec>com_10630_2254</setSpec><setSpec>col_10630_37957</setSpec></header><metadata><record xmlns="http://www.loc.gov/MARC21/slim" xmlns:dcterms="http://purl.org/dc/terms/" xmlns:doc="http://www.lyncode.com/xoai" xmlns:xsi="http://www.w3.org/2001/XMLSchema-instance" xsi:schemaLocation="http://www.loc.gov/MARC21/slim http://www.loc.gov/standards/marcxml/schema/MARC21slim.xsd">
   <leader>00925njm 22002777a 4500</leader>
   <datafield ind2=" " ind1=" " tag="042">
      <subfield code="a">dc</subfield>
   </datafield>
   <datafield ind2=" " ind1=" " tag="720">
      <subfield code="a">Núñez-Cabezas, Emilio Alejandro</subfield>
      <subfield code="e">author</subfield>
   </datafield>
   <datafield ind2=" " ind1=" " tag="260">
      <subfield code="c">2000</subfield>
   </datafield>
   <datafield ind2=" " ind1=" " tag="520">
      <subfield code="a">En el presente trabajo se estudian los mecanismos léxicos y fraseológicos del actual lenguaje politico en España. La tesis está estructurada en dos partes fundamentales: introducción sobre el lenguaje político y estudio del léxico propiamente dicho. En la primera parte se elabora una definición y una tipología del lenguaje político; seenumeran sus rasgos distintivos; se estudian el eufemismo, el insulto y la descalificación; se analizan las relaciones entre el lenguaje político y el periodistico, asi como la función poetica del discurso político. En la segunda parte, la tesis se centra en las palabra, giros y expresiones de moda; hace un recuento de las palabras de uso habitual; explica los diferentes sistemas de creación neulógica(prefijación, sufijación, siglación, composición y neologismos de sentido); aborda el estudio de los coloquialismos y, finalmente, pone de manifiesto los errores lexicos más comunes en el actual discurso político español.</subfield>
   </datafield>
   <datafield ind1="8" ind2=" " tag="024">
      <subfield code="a">8474968224</subfield>
   </datafield>
   <datafield ind1="8" ind2=" " tag="024">
      <subfield code="a">http://hdl.handle.net/10630/2734</subfield>
   </datafield>
   <datafield tag="653" ind2=" " ind1=" ">
      <subfield code="a">Español - Aspectos políticos - Tesis doctorales</subfield>
   </datafield>
   <datafield ind2="0" ind1="0" tag="245">
      <subfield code="a">Aproximación al léxico del lenguaje político español</subfield>
   </datafield>
</record>
</metadata></record></GetRecord></OAI-PMH>